Statistics for Complete the Movie Title (1997)

Click here to take the quiz!

General Stats

  • This quiz has been taken 59 times
  • The average score is 19 of 25

Answer Stats

HintAnswer% Correct
_____ in BlackMen
98%
The Devil’s _____Advocate
94%
_____: ResurrectionAlien
92%
George of the _____Jungle
92%
The Lost _____: Jurassic ParkWorld
92%
The Fifth _____Element
90%
The _____’s WifePreacher
90%
_____ Never DiesTomorrow
90%
My Best Friend’s _____Wedding
90%
Secrets & _____Lies
87%
_____ CallBooty
83%
Boogie _____Nights
83%
The English _____Patient
81%
Starship _____Troopers
81%
That Darn _____Cat
73%
Midnight in the _____ of Good and EvilGarden
71%
_____ of MississippiGhosts
71%
Dante’s _____Peak
69%
______ManRocket
69%
Private _____Parts
56%
Beverly Hills _____Ninja
54%
Good _____Burger
44%
How to Be a _____Player
44%
_____masterWish
42%
Red _____Corner
40%

Score Distribution

Percentile by Number Answered

Percent of People with Each Score

Your Score History

You have not taken this quiz